000 00379cam a2200169 4500
001 D12751
008 090401t1955 xxu||||| |||| 00| 0 eng d
035 _a(Sirsi) u5478
041 _aeng
100 _aForbes, Hugh H.V
245 _aReal property law
260 _aLondon
_bEstates Gazette
_c1955
350 _a0
520 _aShelf 179
942 _n0
948 _c04/03/1997
999 _c86184
_d86184